Представление документа в формате MARC21

Поле Инд. ПП Название Значение
Тип записи a
Библиографический уровень m
001 Контрольный номер RU/IS/BASE/158085974
005 Дата корректировки 20250904184750.6
040 b Код языка каталог. rus
041 0_ a Код языка текста rus
080 a Индекс УДК 004.42
084 a Индекс другой классификации/Индекс ББК 32.973.26-018.2
090 00 a Полочн. индекс 681.3
x Авторский знак Б81
097 b Оператор 02
100 10 a Автор Бондарев В. М.
245 00 a Заглавие Основы программирования
260 00 a Место издания Ростов н/Д.
b Издательство Фолио
260 b Издательство Феникс
c Дата издания 1997
300 a Объем 368 с.
510 0_ a Примечание о ссылках Книги и методические пособия
650 04 a Основная рубрика 50.05 Теоретические основы программирования
x Основная подрубрика 50.05.03 Общетеоретические вопросы программирования
653 0_ a Ключевые слова программирование; теория графов; криптология; графы; основы программирования
700 12 a Другие авторы Рублинецкий В. И.
700 12 a Другие авторы Качко Е. Г.
901 t Тип документа m